Sardar Sarovar Dam and unity in India (Record no. 512061)

000 -LEADER
fixed length control field 00410nam a2200145 4500
008 - FIXED-LENGTH DATA ELEMENTS--GENERAL INFORMATION
fixed length control field 191029b ||||| |||| 00| 0 eng d
100 ## - MAIN ENTRY--PERSONAL NAME
Personal name Vombatkere, Sudhir
245 ## - TITLE STATEMENT
Title Sardar Sarovar Dam and unity in India
260 ## - PUBLICATION, DISTRIBUTION, ETC. (IMPRINT)
Name of publisher, distributor, etc Mainstream
300 ## - PHYSICAL DESCRIPTION
Extent 57(40), 21 Sep, 2019: p.28-30.
650 ## - SUBJECT ADDED ENTRY--TOPICAL TERM
Topical term or geographic name as entry element Sardar Sarovar Dam - India
9 (RLIN) 12780
773 ## - HOST ITEM ENTRY
Main entry heading Mainstream
906 ## - LOCAL DATA ELEMENT F, LDF (RLIN)
Subject DIP Dams - India
942 ## - ADDED ENTRY ELEMENTS (KOHA)
Source of classification or shelving scheme
Item type Articles
Holdings
Withdrawn status Lost status Source of classification or shelving scheme Damaged status Not for loan Permanent location Current location Date acquired Serial Enumeration / chronology Barcode Date last seen Koha item type
          Indian Institute of Public Administration Indian Institute of Public Administration 2019-10-29 57(40), 21 Sep, 2019: p.28-30. AR121496 2019-10-29 Articles

Powered by Koha